Statistiques concernant Pays par superficie A - Z

Cliquez ici pour prendre le quiz!

Statistiques générales

  • Ce quiz a été pris 283 fois
  • Le résultat moyen est 17 sur 24

Statistiques - réponses

LettresRéponse% Correct
CCanada
97%
BBrésil
95%
EÉtats-Unis
95%
RRussie
95%
AAustralie
91%
FFrance
90%
KKazakhstan
87%
IInde
86%
YYémen
85%
QQatar
83%
ZZambie
82%
DDanemark
78%
VVenezuela
77%
JJapon
70%
HHongrie
69%
MMexique
68%
OOuzbékistan
62%
UUkraine
61%
PPérou
58%
SSoudan
48%
NNiger
46%
GGabon
42%
LLibye
39%
TTchad
36%

Distribution des résultats

Percentile par nombre de réponses

% des personnes avec chaque résultat

Votre développement - résultats

Vous n’avez pas pris ce quiz